Statistics for E-40 Charting Songs (Billboard Hot 100)

Click here to take the quiz!

General Stats

  • This quiz has been taken 3 times
  • The average score is 5 of 10

Answer Stats

AlbumWeeks OnPeakArtist(s)Song% Correct
Dark Sky Paradise29 Weeks#11Big Sean ft. E-40I Don't Fuck With You
100%
The Art of Hustle9 Weeks#79Yo Gotti ft. E-40Law
100%
Free TC9 Weeks#81Ty Dolla $ign ft. E-40Saved
100%
Non-Album Single28 Weeks#7Lil Jon ft. E-40 & Sean Paul of the YoungBloodZSnap Yo Fingers
50%
My Ghetto Report Card25 Weeks#13E-40 ft. T-Pain & Kandi GirlU and Dat
50%
My Ghetto Report Card15 Weeks#35E-40 ft. Keak da SneakTell Me When to Go
50%
Tha Hall of Game14 Weeks#29E-40 ft. Bo-RockThings'll Never Change / Rapper's Ball
0%
In a Major Way13 Weeks#44E-40 ft. Suga TSprinkle Me
0%
In a Major Way14 Weeks#71E-40 ft. Leviti1-Luv
0%
The Mail Man2 Weeks#94E-40Captain Save a Hoe
0%

Score Distribution

Percentile by Number Answered

Percent of People with Each Score

Your Score History

You have not taken this quiz